| 000 | 00464nam a22001697a 4500 | ||
|---|---|---|---|
| 008 | 120125t xxu||||| |||| 00| 0 eng d | ||
| 020 | _a1861520468 | ||
| 080 | _a001:338.48 | ||
| 100 |
_aclark, Mona _91074 |
||
| 245 |
_aResearching and Writing Dissertinos In Hospitality and Tourism _cMona Clarck |
||
| 250 | _as.ed. | ||
| 260 |
_aUK _bThomson _c1998 |
||
| 300 |
_a281p. _b _e |
||
| 650 |
_awriring dissertations _91075 |
||
| 942 |
_2udc _cBK |
||
| 300 |
_c _f _g |
||
| 999 |
_c24404 _d24404 |
||